After Tylor : British social anthropology 1888-1951
Αποθηκεύτηκε σε:
| Κύριος συγγραφέας: | |
|---|---|
| Μορφή: | Βιβλίο |
| Γλώσσα: | English |
| Δημοσίευση: |
London :
Athlone,
c1995
|
| Θέματα: | |
| Ετικέτες: |
Προσθήκη ετικέτας
Δεν υπάρχουν, Καταχωρήστε ετικέτα πρώτοι!
|
MARC
| LEADER | 00000cam a2200000 i 4500 | ||
|---|---|---|---|
| 001 | 1/70240 | ||
| 008 | 981120s1995 eng d | ||
| 020 | |a 0-485-30072-9 | ||
| 035 | |l 10030588 | ||
| 040 | |a GR-MY-UA |b gre |e aacr | ||
| 041 | 0 | |a eng | |
| 082 | 0 | |a 306.0941 | |
| 100 | 1 | |a Stocking, George W., |c Jr. |q (George Ward), |d 1928-2013. | |
| 245 | 1 | 0 | |a After Tylor : |b British social anthropology 1888-1951 / |c George W. Stocking |
| 260 | |a London : |b Athlone, |c c1995 | ||
| 300 | |a 570 p. | ||
| 504 | |a Includes bibliographical references and index | ||
| 650 | 0 | 0 | |a Ethnology |z Great Britain |x History |z 19th century. |
| 650 | 0 | 0 | |a Ethnology |z Great Britain |x History |y 20th century. |
| 650 | 0 | 0 | |a Social evolution |z Great Britain |x History. |
| 852 | |a INST |b LESVOS |e 19981120 |h 306.0941 STO |p 005100018072 |q 005100018072 |t BK |y 0 | ||
| 901 | |a BIBL-1998-3 | ||
| 909 | |a Λ |b 059604 | ||
| 922 | |a 1ΕΛΗ |b 199809 |c ΚΠΣ/ΤΚΑ |d ΠΑΠΑΣΩΤΗΡΙΟΥ | ||
| 950 | |a 117-1998-07-08 | ||